03137 2200181 4500001002100000005001500021035002000036008003900056245023400095100002200329260006100351300002500412084001800437520245300455082000802908650001902916990002002935INLIS00000000000540720250815095914 a0010-0825000180250815 | | | 1 aPengaruh Perceived Ease Of Use Dan Perceived Usefulness Terhadap Attitude Of Using Pada SIMAK Universitas Kutai Kartanegara (Studi Kasus Pada Mahasiswa Fakultas Ekonomi Dan Bisnis Universitas Kutai Kartanegara) /cM.Anreza Masanu aMasanu, M. Anreza aTenggarong :bFEBIS-Universitas Kutai Kartanegara,c2023 a102 hlm. ;c21x30 cm a658 MAS P C.1 aM. Anreza Masanu, dengan judul "Pengaruh Perceived Ease Of Use Dan Perceived Usefulness Terhadap Attitude Of Using Pada SIMAK Universitas Kutai Kartanegara (Studi Kasus Pada Mahasiswa Fakultas Ekonomi Dan Bisnis Universitas Kutai Kartanegara)" Proposal Fakultas Ekonomi dan Bisnis Universitas Kutai Kartanegara, di bawah bimbingan Ibu Nilam Anggar Sari SE., M.Si selaku Pembimbing I dan Bapal Ilham SE, M.M selaku Pembimbing II
Sistem Informasi Akademik (SIMAK) merupakan suatu Sistem Informasi Akademik yang dibangun untuk memberikan kemudahan kepada pengguna dalam kegiatan administrasi akademik kampus secara online, seperti proses Penerimaan Mahasiswa Baru, pembuatan jadwal kuliah, pengisian Kartu Rencana Studi (KRS), pengisian nilai, perwalian, pengelolaan data dosen dan mahasiswa. Diharapkan dengan ini maka aplikasi ini dapat diakses kapan saja, di mana saja, implementasinya relatif murah dan tentunya mudah digunakan.
Permasalahan yang ada pada Sistem Informasi Akademik (SIMAK) Universitas Kutai Kartanegara adalah tidak bisa memperbarui data pada profile mahasiswa, kuisioner evaluasi kinerja dosen hanya untuk dosen pertama tidak ada kuisioner untuk dosen kedua, pada menu perkuliahan sub menu tidak di update dan tidak digunakan sesuai kegunaannya, tidak dijadikan sebagai acuan dalam proses pengacuan untuk merekap pendapatan, histori pembayaran seperti her registrasi, SKS, dan UKM dilakukan dengan penginputan secara manual, dan pada menu informasi tidak ada pembaruan informasi untuk para mahasiswa.
Adapun tujuan dari penelitian ini adalah untuk menguji dan menganalisis Technology Acceptence Model (TAM) yang terdiri atas variable Perceived Ease Of Use, Perceived Usefulness, dan Attitude Of Using pada SIMAK Universitas Kutai Kartanegara.
Data penelitian ini dikumpulkan melalui kuisioner dengan 80 responden, kuisioner dibagikan kepada mahasiswa Universitas Kutai Kartanegara Fakultas Ekonomi Dan Bisnis angkatan tahun 2019 sampai 2022. Dalam penelitian ini digunakan teknik Analisis Structural Equation Modelling (SEM) dengan bantuan software Smart-PLS 4, yang diajukan dalam penelitian ini. Hasil penelitian menunjukan bahwa (1) Perceived Ease Of Use berpengaruh positif dan signifikan terhadap Perceived Usefulness, (2) Perceived Ease Of Use berpengaruh positif dan signifikan terhadap Attitude Of Using, dan (3) Perceived Usefulness berpengaruh positif dan signifikan terhadap Attitude Of Using.
a658 4aManajemen Umum a250813110008672